[Event "Lienz Open"]
[Site "?"]
[Date "2009.02.12"]
[Round "7"]
[White "Groiss, Karl"]
[Black "Grundner, Alois"]
[Result "1-0"]
[WhiteElo "2049"]
[BlackElo "1890"]
[Annotator ",lois"]
[PlyCount "109"]
[TimeControl "240+2"]

{157MB, Fritz10.ctg, NAME-65104D6971} 1. d4 Nf6 2. c4 e6 3. Nc3 d5 4. Bg5 c6 5.
e3 Nbd7 6. Nf3 Be7 7. c5 Ne4 8. Bxe7 Qxe7 ({Etwas besser wäre:} 8... Nxc3 9.
Bxd8 Nxd1 10. Rxd1 Kxd8 11. Bd3 f6 12. e4 dxe4 13. Bxe4 Ke7 14. Ke2 h6 15. h4
Rd8 16. Rhe1 Rb8 {[%eval 61,16]}) 9. Nxe4 dxe4 10. Nd2 f5 11. Bc4 O-O 12. O-O
Nf6 13. f4 Nd5 14. Qe2 Kh8 15. a3 g5 16. fxg5 Qxg5 17. Rae1 Bd7 18. Bxd5 cxd5
19. Rf4 Rf6 20. Kh1 Rg8 21. Qf2 Rh6 22. Rg1 Qg3 23. Qxg3 Rxg3 24. Nf1 Rg4 (
24... Rg5 25. Nd2 Kg7 26. g3) 25. Rxg4 fxg4 26. Ng3 Rf6 27. Rf1 Rxf1+ 28. Nxf1
Kg7 29. Ng3 Kg6 30. Ne2 Kf5 31. Ng3+ Kg5 32. Kg1 h5 33. Kf2 h4 34. Ne2 Kf5 35.
Nc3 Kf6 36. b4 Ke7 37. Ne2 Bb5 38. Nf4 Kf6 39. Ne2 Ke7 40. Nc3 Be8 41. Ke1 Kd8
42. Kd2 Bd7 43. Nd1 Bb5 44. g3 hxg3 45. hxg3 Be8 46. Nc3 a6 47. a4 Kc7 48. b5
a5 49. Na2 b6 50. Nc1 Kb7 51. Nb3 {Diagramm #} Kc7 $4 ({Mit dieser Variante
ist das Spiel remis!!} 51... Bg6 52. Kc2 Kc7 53. Nc1 Kb7 54. Ne2 Bf7 55. Kd2
Kc7 56. Kc3 Kb7 57. Nf4 Kc8 58. c6 Kc7 {[%eval 28,1]}) 52. cxb6+ Kxb6 53. Nc5
Bf7 54. Nd7+ Kc7 55. Nf6 1-0

[Event "Lienz Open"]
[Site "?"]
[Date "2009.02.13"]
[Round "8"]
[White "Grundner, Alois"]
[Black "Frey, Armin"]
[Result "0-1"]
[WhiteElo "1890"]
[BlackElo "1999"]
[Annotator ",lois"]
[PlyCount "90"]
[TimeControl "240+2"]

{157MB, Fritz10.ctg, NAME-65104D6971} 1. d4 f5 2. g3 e6 3. Bg2 Nf6 4. Nf3 Be7
5. O-O O-O 6. c4 Qe8 7. Nc3 d6 8. Qc2 Nbd7 9. b3 Qh5 10. Bg5 ({Fritz 10: 1)} 
10. a3 c6 11. Rd1 e5 12. h3 Re8 13. dxe5 dxe5 14. b4 e4 15. Nd4 Ne5 16. c5 Nc4
{[%eval 22,13]}) ({Fritz 10: 2)} 10. Rd1 c6 11. h3 e5 12. a3 Re8 13. dxe5 dxe5
14. b4 e4 15. Nd4 Ne5 16. c5 Nc4 {[%eval 22,13]}) ({Fritz 10: 3)} 10. h3 c6 11.
Rd1 e5 12. a3 Re8 13. dxe5 dxe5 14. b4 e4 15. Nd4 Ne5 16. c5 Nc4 {[%eval 22,13]
}) 10... h6 11. Bxf6 Nxf6 12. e3 g5 13. c5 Bd7 14. b4 Rae8 15. Rad1 Bd8 16. a4
e5 17. dxe5 dxe5 18. Nd5 {Diagramm: Sd5 scheint ein Fehler zu sein, ist es
aber nicht! #} Nxd5 19. Rxd5 Bc6 20. Nxe5 Bxd5 21. Bxd5+ Kg7 22. Bf7 {
Harakiri!!!!! Die anderen Fortsetzungen gewinnen.} ({Fritz 10:} 22. Nd7 Rf7 (
22... Rh8 23. Qc3+ Kh7 24. Bxb7 Qf7 25. Rd1 f4 26. e4 Qh5 27. Qd3 Rhg8 28. e5+
Kh8 29. b5 Be7 30. Bd5 Rg7 31. Nf6 Bxf6 32. exf6 Rd7 33. Qd4 Re5 34. f7 Qxd1+
35. Qxd1 Kg7 36. Qh5 Rdxd5 37. f8=Q+ Kxf8 38. Qxh6+ Kg8 39. Qg6+ Kf8 40. Qf6+
Kg8 41. c6 fxg3 42. hxg3 Rd1+ 43. Kg2 Rdd5 44. Qg6+ {+4,66!!}) 23. Bxf7 Qxf7
24. Rd1 Qe6 25. b5 g4 26. c6 bxc6 27. bxc6 Qe4 28. Qc3+ Kg6 29. a5 Qf3 30. Rd2
Kh7 {[%eval 173,15]}) ({Fritz 10:} 22. c6 b6 23. Nd7 f4 24. Nxf8 Rxf8 25. exf4
gxf4 26. Bc4 Qg6 27. Qxg6+ Kxg6 28. Re1 a5 29. bxa5 bxa5 30. Bd3+ {[%eval 172,
1]}) 22... Rxf7 23. Nxf7 Qxf7 24. Rd1 Qe6 25. b5 Bf6 26. c6 bxc6 27. bxc6 Rd8
28. Rc1 Rd6 29. Qc5 Qd5 30. Qxa7 Rxc6 31. Rxc6 Qxc6 32. a5 Be7 33. a6 Bc5 34.
Qb7 Qxb7 35. axb7 Ba7 36. Kf1 Kf6 37. Ke2 g4 38. f3 h5 39. f4 Ke6 40. Kd3 Kd5
41. Kc3 Ke4 42. Kc4 Kxe3 43. Kd5 c5 44. b8=Q Bxb8 45. Kxc5 Bxf4 0-1

[Event "Lienz Open"]
[Site "?"]
[Date "2009.02.14"]
[Round "9"]
[White "Kassel, Dr., Walter"]
[Black "Grundner, Alois"]
[Result "1/2-1/2"]
[WhiteElo "1933"]
[BlackElo "1890"]
[Annotator ",lois"]
[PlyCount "163"]
[TimeControl "240+2"]

{157MB, Fritz10.ctg, NAME-65104D6971} 1. Nf3 d5 2. d4 Nf6 3. c4 e6 4. Nc3 c6 5.
Bg5 Nbd7 6. e3 Be7 7. Rc1 O-O 8. Bd3 h6 9. Bh4 dxc4 10. Bxc4 Nb6 11. Bd3 Nfd5
12. Bg3 Nxc3 13. bxc3 Nd5 14. e4 Nf6 ({Fritz 10:} 14... Nxc3 15. Rxc3 Bb4 16.
Kd2 c5 17. Qb3 Bxc3+ 18. Kxc3 cxd4+ 19. Kb2 f6 20. Rc1 Rf7 21. e5 f5 22. Bf4 {
[%eval 62,1]}) 15. e5 Nd7 16. Qe2 Re8 17. O-O Nf8 18. Rfd1 b6 19. c4 Bb7 20. d5
cxd5 21. cxd5 Bxd5 22. Bb5 Nd7 {Diagramm #} 23. Rxd5 exd5 24. e6 Bc5 25. exf7+
(25. Bxd7 Qxd7 26. exd7 Rxe2 27. Bc7 Be7 (27... Rxa2 28. h3 Be7 29. Bb8 Kh7 30.
Rc8 a5 31. Be5 Ra7 32. d8=Q Bxd8 33. Rxd8 f6 34. Bd4 Rb7) 28. Bb8 Rxa2 29. Rc8+
Kh7 30. Be5) 25... Kxf7 26. Qd3 Nf6 27. Bxe8+ Qxe8 28. Re1 Qd8 $2 {Da4!} 29.
Bh4 d4 30. Ne5+ Kg8 31. Qg6 Qe8 32. Qd3 Qe6 33. Nf3 Qd6 34. Bg3 Qd5 35. Be5 Re8
36. Bxf6 Rxe1+ 37. Nxe1 Qe6 38. Qb3 Qxb3 39. axb3 gxf6 40. Kf1 Kf7 41. Ke2 Ke6
42. Kd3 b5 43. Ke4 a5 44. Nc2 f5+ 45. Kd3 Kd5 (45... Ke5 46. Ne1 Ke6) 46. f3 {
Diagramm #} {Hier wurde die Partie remis gegeben. So hätte sie weiterlaufen
können: Hier wurde die Partie remis gegeben. So hätte sieweiterlaufen können:}
Ke5 47. Kd2 Kf4 48. Ke2 h5 49. g3+ Ke5 50. Kd2 Ke6 51. Kd3 Kd5 52. h3 b4 53.
Ne1 a4 54. bxa4 b3 55. a5 Kc6 56. a6 Kb5 57. g4 Kxa6 58. gxh5 Bf8 59. f4 Kb5
60. Nf3 Bg7 61. Nd2 Kb4 62. Nc4 Bh6 63. Kxd4 Bxf4 64. h4 Bh6 65. Kd3 f4 66. Nd2
Ka3 67. Nc4+ Ka2 68. Kd2 b2 69. Nxb2 Kxb2 70. Ke1 Kc2 71. Kf2 Kc3 72. Kf3 Kd3
73. Kf2 Ke4 74. Ke2 f3+ 75. Kf2 Kf4 76. Ke1 Kg3 77. Kf1 f2 78. Ke2 Kg2 79. Kd3
f1=Q+ 80. Kc3 Qb5 81. Kd4 Kf1 82. Ke4 1/2-1/2

[Event "LLB"]
[Site "?"]
[Date "2009.02.28"]
[Round "9"]
[White "Krimbacher, Walter"]
[Black "Grundner, Alois"]
[Result "1/2-1/2"]
[WhiteElo "1959"]
[BlackElo "1890"]
[Annotator "Fritz 10 (15s)"]
[PlyCount "41"]

{D36: Damengambit (Abtauschvariante)} 1. d4 Nf6 2. Nf3 e6 3. c4 d5 4. Bg5 c6 5.
Nc3 Nbd7 6. cxd5 exd5 7. e3 Be7 8. Qc2 O-O 9. Bd3 Re8 10. O-O h6 11. Bxf6 Nxf6
12. Rab1 Bd6 13. b4 a6 14. a4 Bg4 15. Nd2 Rc8 (15... Qe7 16. h3 Be6 17. Qb2 $15
) 16. Bf5 (16. h3 Be6 $15) 16... Bxf5 $17 17. Qxf5 Qe7 18. Na2 Bb8 (18... g6
19. Qc2 $15) 19. b5 {Weiß will den Gegner einengen} Qa3 (19... cxb5 20. axb5 a5
21. Rfc1 $15) 20. Nb4 $11 a5 {Schwarz droht Materialgewinn: a5xb4} ({Und nicht
} 20... cxb5 21. axb5 Qa5 22. bxa6 bxa6 23. Nf3 $14) (20... Qxa4 {[%emt 0:00:
00]} 21. bxc6 bxc6 22. Nd3 Qa5 23. Nb3 Qd8 24. Ra1) 21. Nd3 {[%emt 0:00:00]}
1/2-1/2